000 00665nam a2200265Ia 4500
005 20250425160719.0
008 250425s9999 xx 000 0 und d
020 _a000000000
041 _aspa
082 _a340
100 _aVALLARINO GUERRERO, CARLOS
245 0 _aLECCIONES DE DERECHO I
250 _a1A ED.
260 _aEcuador
_bESPOL
_c1950
260 _aGUAYAQUIL
300 _a148
650 _aCODIGO CIVIL
650 _aCODIGO CIVIL
650 _aCODIGO PENAL- CONCEPTO POLITICO
650 _aCODIGO PENAL- CONCEPTO POLITICO
650 _aDERECHO CONSTITUCIONAL
650 _aDERECHO CONSTITUCIONAL
942 _c01
010 _a3225
999 _c194651
_d194651